Gründungsmitglied der Fußball Bundesliga? #3 - Statistiken

Allgemein
  • Dieses Quiz wurde 69 mal gespielt
    68 seit der letzten Aktualisierung
  • Das Durchschnittsergebnis liegt bei 7 aus 8
Antwortstatistiken
Hint Antwort % Korrekt
SV Meppen Nein
90%
1. FC Köln 01/07 Ja
88%
FC 08 Homburg Nein
87%
SpVgg Unterhaching Nein
85%
Bayer 05 Uerdingen Nein
83%
SV Tasmania Berlin Nein
83%
SG Wattenscheid 09 Nein
81%
VfL Bochum 1848 Nein
60%
Keine übereinstimmenden Quizze gefunden
Verteilung der Resultate
Anzahl Personen mit jedem Resultat
Perzentil nach korrekt beantworteten Fragen
Ihre Resultats-Entwicklung
Sie haben dieses Quiz seit der letzten Aktualisierung nicht gespielt